Dengar sini sayang : himpunan nasihat kanak-kanak
| Format: | Book |
|---|---|
| Published: |
Kuala Lumpur :
Jabatan Penulisan Fakulti Sastera dan Sains Sosial Univesiti Malaya ,
1994
|
| Series: | Siri Buku Kanak-Kanak Bestari
|
| Subjects: |
MARC
| LEADER | 00000cam a2200000 7i4500 | ||
|---|---|---|---|
| 001 | 0000009239 | ||
| 002 | 000010062 | ||
| 005 | 20080513.0 | ||
| 020 | |a 9839575228 | ||
| 090 | 0 | 0 | |a JF |b KUM |
| 245 | 0 | 0 | |a Dengar sini sayang : |b himpunan nasihat kanak-kanak |c diusahakan oleh Kumpulan Bestari |
| 260 | |a Kuala Lumpur : |b Jabatan Penulisan Fakulti Sastera dan Sains Sosial Univesiti Malaya , |c 1994 | ||
| 300 | |a 20p. : |b ill. ; |c 17cm. | ||
| 490 | 0 | |a Siri Buku Kanak-Kanak Bestari | |
| 650 | 0 | 0 | |a Quotations, Malay |
| 999 | |a 040093 |b BUKU |c PINJAMAN |e PERPUSTAKAAN KOMUNITI PETALING JAYA | ||